00438cam a2200169ua 4500001000400000008003900004040000900043082001200052245005500064250000900119260003100128300001700159653002300176653002700199700002100226700002100247716110413n ii |||gr||||Z||||||eng cMAIN a352.054 aLocal self government in India.cBy Niru Hazarika. a1st. aNew Delhi.:bS-chand.,986. a348 p.:5 cm. aPolitical science. aLocal self government. aHazarika, Niru., aRao, V Venkata.,